No era pecado... La contratación privada para la renovación del Estado
Gorde:
| Erakunde egilea: | |
|---|---|
| Formatua: | Ezezaguna |
| Argitaratua: |
San José:
MIDEPLAN
|
| Gaiak: | |
| Etiketak: |
Etiketa erantsi
Etiketarik gabe, Izan zaitez lehena erregistro honi etiketa jartzen!
|
MARC
| LEADER | 00000 a2200000 04500 | ||
|---|---|---|---|
| 001 | 10517 | ||
| 003 | |||
| 008 | 991231s d | ||
| 040 | |a CRAI/IIS |c CRAI/IIS | ||
| 090 | |a 136605 | ||
| 110 | |a Costa Rica. Ministerio de Planificación Nacional y Política Económica | ||
| 245 | |a No era pecado... La contratación privada para la renovación del Estado | ||
| 260 | |a San José: |b MIDEPLAN | ||
| 300 | |a vi, 469 p. | ||
| 650 | |a CONTRATOS PUBLICOS | ||
| 650 | |a SECTOR PRIVADO | ||
| 650 | |a MODERNIZACION | ||
| 650 | |a SECTOR PUBLICO | ||
| 650 | |a ASPECTOS JURIDICOS | ||
| 650 | |a ESTADO | ||
| 650 | |a ADMINISTRACION | ||
| 650 | |a INSTITUCIONES PUBLICAS | ||
| 650 | |a CONTROL SOCIAL | ||
| 650 | |a ADMINISTRACION PUBLICA | ||
| 650 | |a PRIVATIZACION | ||
| 999 | |c 17610 |d 17610 | ||
